000 01027nam a2200265 a 4500
001 BRCA_7040
005 20190320205704.0
008 810522d19181919mx-a######---#000-0#spa-d
041 _aspa
044 _amx
050 4 _aQB9
_b.G36 5
_c1918
245 1 0 _aAnuario del Observatorio Astronómico Nacional de Tacubaya
_bpara el año de 1919
_cformado bajo la dirección del Ing. Joaquín Gallo
260 _aMéxico
_bOficina Impresora de la Secretaría de Hacienda
_c1918-1919
300 _a2 v.
_bil., mapas
_c18 cm.
440 0 _aAnuario del Observatorio Astronómico Nacional de Tacubaya
_917498
500 _aIncluye tablas meteorológicas
500 _av.2: Anuario del Observatorio Astronómico Nacional de Tacubaya para el año de 1920
500 _aEstado físico: ambos ejemplares deteriorados
500 _aVer también CFG67, CFG68, L70 y L170
500 _aL213
650 1 4 _aAstronomía
_vAnuario
_xObservaciones
_zMéxico
_917499
700 1 _aGallo, Joaquín
_edir.
_917500
902 _aGFM
942 _2lcc
_cB
999 _c6721
_d6721